000 00687cam a22002054a 4500
020 _a0073524360
040 _cDLC
082 0 0 _a658 MCG 2006 A050 Or.
100 1 _aVan Horn, Richard L.
245 1 0 _aInformation systems solutions :
_ba project approach /
260 _aNew York :
_bMcGraw-Hill Irwin,
_cc2006.
300 _axvii, 530 p. :
_bill. ;
_c24 cm.
650 0 _aInformation technology.
650 0 _aManagement information systems.
700 1 _aSchwarzkopf, Albert B.
700 1 _aPrice, R. Leon.
856 4 1 _uhttp://www.loc.gov/catdir/enhancements/fy0625/2005053443-t.html
856 4 2 _uhttp://www.loc.gov/catdir/enhancements/fy0632/2005053443-d.html
942 _cEK
999 _c14258
_d14258